Vocabulaire progressif du français: avec 250 exercices. Corrigés

Zapisane w:
Opis bibliograficzny
1. autor: Leroy-Miquel, Claire
Format: Książka
Język:Undetermined
Wydane: Francia CLE International 2002
Hasła przedmiotowe:
Etykiety: Dodaj etykietę
Nie ma etykietki, Dołącz pierwszą etykiete!

MARC

LEADER 00000nam a2200000Ia 4500
008 170316s9999 xx 000 0 und d
090 |a 415-F L-5vpc 
100 |a Leroy-Miquel, Claire 
245 |a Vocabulaire progressif du français: avec 250 exercices. Corrigés 
260 |a Francia 
260 |b CLE International 
260 |c 2002 
300 |a 23 páginas 
650 |a GRAMÁTICA FRANCESA 
650 |a EJERCICIOS 
650 |a RESPUESTAS A EJERCICIOS 
999 |c 19225  |d 19225 
040 |a cru BVZT 
942 |c 15 D  |h 415-F L-5vpc  |2 z